[Event "Chigorin Memorial 29th"]
[Site "St Petersburg"]
[Date "2022.10.26"]
[Round "5"]
[White "Afineevskij, Ilya"]
[Black "Kuizhev, Adam"]
[Result "0-1"]
[WhiteElo "1532"]
[BlackElo "1919"]
[PlyCount "94"]
[EventDate "2022.10.22"]
[EventType "swiss"]
[EventRounds "9"]
[EventCountry "RUS"]
[SourceTitle "EXT 2024"]
[Source "ChessBase"]
[SourceDate "2023.10.10"]
[SourceVersion "1"]
[SourceVersionDate "2023.10.10"]
[SourceQuality "1"]

1. e4 c6 2. d4 d5 3. Nc3 dxe4 4. Nxe4 Nf6 5. Nxf6+ exf6 6. c3 Bd6 7. Bd3 0-0 8. Ne2 Re8 9. 0-0 Nd7 10. Bf4 Nf8 11. Bxd6 Qxd6 12. Qd2 Ne6 13. Rfe1 Bd7 14. Rad1 Rad8 15. h3 g6 16. Ng3 Kg7 17. Ne4 Qd5 18. b3 b5 19. f4 f5 20. Ng3 Qd6 21. Rf1 Nc7 22. Rde1 Rxe1 23. Rxe1 Nd5 24. Ne2 Re8 25. c4 Nxf4 26. c5 Nxe2+ 27. Bxe2 Qf6 28. Rd1 g5 29. a4 bxa4 30. bxa4 Be6 31. a5 Bd5 32. Bf3 Bxf3 33. gxf3 Rd8 34. Kf2 h5 35. Rg1 g4 36. hxg4 fxg4 37. Qe3 Rxd4 38. Rh1 Rf4 39. Kg2 Rxf3 40. Qe1 Qb2+ 41. Kg1 Qd4+ 42. Kh2 Rf2+ 43. Kg3 Qf4+ 44. Kh4 g3+ 45. Kxh5 Qf5+ 46. Kh4 Rf4+ 47. Kxg3 Rg4+ 0-1

[Event "Chigorin Memorial 28th"]
[Site "St Petersburg"]
[Date "2021.10.23"]
[Round "1"]
[White "Kuizhev, Adam"]
[Black "Khanin, Semen"]
[Result "0-1"]
[WhiteElo "1947"]
[BlackElo "2521"]
[PlyCount "86"]
[EventDate "2021.10.23"]
[EventType "swiss"]
[EventRounds "9"]
[EventCountry "RUS"]
[SourceTitle "EXT 2023"]
[Source "ChessBase"]
[SourceDate "2022.10.05"]
[SourceVersion "1"]
[SourceVersionDate "2022.10.05"]
[SourceQuality "1"]

1. e4 c5 2. Nf3 e6 3. b3 Nc6 4. Bb5 Nd4 5. Nxd4 cxd4 6. Bb2 Qg5 7. Be2 Qxg2 8. Bf3 Qg5 9. Bxd4 Ne7 10. Be3 Qa5 11. c3 d5 12. b4 Qc7 13. Na3 dxe4 14. Bxe4 Bd7 15. Qe2 Bc6 16. Bc5 Ng6 17. Bxf8 Rxf8 18. Bxc6+ Qxc6 19. Qb5 Qxb5 20. Nxb5 Ke7 21. 0-0-0 Rfd8 22. d4 Rac8 23. Kb2 Rd5 24. a4 Rf5 25. Nxa7 Ra8 26. Nb5 Rxa4 27. Kb3 Ra6 28. d5 Rxd5 29. Rxd5 exd5 30. Re1+ Kd7 31. Rd1 Ne7 32. c4 Rh6 33. Nc3 Rxh2 34. cxd5 Rxf2 35. Na4 Rf3+ 36. Kc4 Kd6 37. Nc5 Rf4+ 38. Kb5 Nxd5 39. Nxb7+ Ke5 40. Re1+ Re4 41. Rxe4+ Kxe4 42. Nd6+ Kf4 43. Nxf7 h5 0-1

[Event "Chigorin Memorial 27th"]
[Site "St Petersburg"]
[Date "2019.10.12"]
[Round "8"]
[White "Galchenko, Vadim"]
[Black "Kuizhev, Adam"]
[Result "1/2-1/2"]
[WhiteElo "2139"]
[BlackElo "1879"]
[PlyCount "96"]
[EventDate "2019.10.05"]
[EventType "swiss"]
[EventRounds "9"]
[EventCountry "RUS"]
[SourceTitle "EXT 2021"]
[Source "ChessBase"]
[SourceDate "2020.10.23"]
[SourceVersion "1"]
[SourceVersionDate "2020.10.23"]
[SourceQuality "1"]

1. c4 c6 2. e3 Nf6 3. b3 d5 4. Bb2 e6 5. Nf3 Bd6 6. d4 0-0 7. Nbd2 Re8 8. Bd3 dxc4 9. Nxc4 Bb4+ 10. Kf1 Nbd7 11. Qc2 h6 12. h3 b6 13. Nce5 Nxe5 14. Nxe5 Bb7 15. Rd1 Rc8 16. Qe2 Qe7 17. Rg1 Bd6 18. g4 c5 19. h4 cxd4 20. Bxd4 Ne4 21. g5 hxg5 22. hxg5 Bxe5 23. Bxe5 Rc5 24. f4 Rec8 25. Bxe4 Bxe4 26. Bd6 Qb7 27. Bxc5 Bf3 28. Qh2 Bxd1 29. Rh1 Qf3+ 30. Ke1 Qe2+ 31. Qxe2 Bxe2 32. Kxe2 Rxc5 33. Kd3 Kf8 34. e4 Ke7 35. Rh8 g6 36. a4 Rc7 37. Ra8 Kd6 38. b4 Rd7 39. Kd4 Rc7 40. a5 bxa5 41. bxa5 Kd7 42. Rb8 Kd6 43. Rd8+ Ke7 44. Ra8 Kd7 45. a6 Kd6 46. Rb8 Rd7 47. Rc8 Rc7 48. Rb8 Rd7 1/2-1/2

[Event "Chigorin Memorial 27th"]
[Site "St Petersburg"]
[Date "2019.10.06"]
[Round "2"]
[White "Kuizhev, Adam"]
[Black "Vershinina, Anastasiia"]
[Result "1-0"]
[WhiteElo "1879"]
[BlackElo "1466"]
[PlyCount "79"]
[EventDate "2019.10.05"]
[EventType "swiss"]
[EventRounds "9"]
[EventCountry "RUS"]
[SourceTitle "EXT 2020"]
[Source "ChessBase"]
[SourceDate "2019.10.17"]
[SourceVersion "1"]
[SourceVersionDate "2019.10.17"]
[SourceQuality "1"]

1. e4 c5 2. Nf3 e6 3. g3 b6 4. Bg2 Bb7 5. d3 Nc6 6. 0-0 Qc7 7. Nc3 a6 8. Re1 d6 9. a4 Nf6 10. Bf4 Nd7 11. e5 dxe5 12. Nxe5 Ndxe5 13. Bxe5 Nxe5 14. Bxb7 Qxb7 15. Rxe5 Be7 16. Re1 Bf6 17. Ne4 Qe7 18. Qf3 Rd8 19. Nxf6+ Qxf6 20. Qc6+ Rd7 21. Qxb6 0-0 22. Rab1 Rdd8 23. Qxa6 Rb8 24. b3 h6 25. Qc4 Rfc8 26. Qe4 Rb4 27. Qe5 Qf3 28. Re4 Rb6 29. Rbe1 Rb4 30. Qc3 Rb7 31. Rf4 Qc6 32. Rg4 g5 33. Qf6 Kh7 34. h4 Rg8 35. hxg5 Rg6 36. Qf4 Qd7 37. Rh4 Rb4 38. Re4 Rxe4 39. Qxe4 f5 40. gxf6 1-0

[Event "St Petersburg Korchnoi Memorial op"]
[Site "St Petersburg"]
[Date "2018.08.19"]
[Round "5"]
[White "Kuizhev, Adam"]
[Black "Kyshtymov, Daniil"]
[Result "0-1"]
[WhiteElo "1867"]
[BlackElo "2150"]
[PlyCount "90"]
[EventDate "2018.08.15"]
[EventType "swiss"]
[EventRounds "9"]
[EventCountry "RUS"]
[SourceTitle "CBM 186 Extra"]
[Source "ChessBase"]
[SourceDate "2018.08.24"]
[SourceVersion "1"]
[SourceVersionDate "2018.08.24"]
[SourceQuality "1"]

1. e4 e6 2. d4 d5 3. Nd2 Nf6 4. Bd3 c5 5. e5 Nfd7 6. c3 Nc6 7. Ne2 Qb6 8. Nf3 cxd4 9. cxd4 f6 10. exf6 Nxf6 11. 0-0 Bd6 12. Bb1 0-0 13. Qd3 Bd7 14. Rd1 Rac8 15. Nc3 a6 16. Re1 Nb4 17. Qd1 Be8 18. a3 Nc6 19. Rxe6 Na5 20. Bf4 Nc4 21. Bxd6 Nxd6 22. Qd2 Bf7 23. Re2 Nc4 24. Qc1 Bh5 25. Na4 Qb5 26. Nc3 Qb6 27. Na4 Qc7 28. Qc3 Qf4 29. Ba2 Nb6 30. Qb3 Nxa4 31. Qxa4 Bxf3 32. gxf3 Qxf3 33. Re3 Qf4 34. Rg3 Kh8 35. Bb1 Rc1+ 36. Kg2 Ne4 37. Bxe4 Qxe4+ 38. f3 Qe2+ 39. Kh3 Qe6+ 40. Kg2 Rxa1 41. Qb4 Qf7 42. h4 Rc1 43. Qd2 Rfc8 44. Qa5 R8c2+ 45. Kh3 Qf5+ 0-1

[Event "St Petersburg Korchnoi Memorial op"]
[Site "St Petersburg"]
[Date "2018.08.18"]
[Round "4"]
[White "Babanin, Gleb"]
[Black "Kuizhev, Adam"]
[Result "1/2-1/2"]
[WhiteElo "2156"]
[BlackElo "1867"]
[PlyCount "110"]
[EventDate "2018.08.15"]
[EventType "swiss"]
[EventRounds "9"]
[EventCountry "RUS"]
[SourceTitle "CBM 186 Extra"]
[Source "ChessBase"]
[SourceDate "2018.08.24"]
[SourceVersion "1"]
[SourceVersionDate "2018.08.24"]
[SourceQuality "1"]

1. e4 c6 2. d4 d5 3. Nc3 dxe4 4. Nxe4 Bf5 5. Ng3 Bg6 6. h4 h6 7. Nf3 Nd7 8. h5 Bh7 9. Bd3 Bxd3 10. Qxd3 e6 11. Bd2 Ngf6 12. 0-0-0 Be7 13. Kb1 0-0 14. Ne4 Nxe4 15. Qxe4 Nf6 16. Qe2 Qd5 17. Be3 Ng4 18. Bc1 Rad8 19. Ne5 Nxe5 20. dxe5 Qb5 21. Qxb5 cxb5 22. Be3 b6 23. c3 Rxd1+ 24. Rxd1 Rd8 25. Rxd8+ Bxd8 26. Kc2 Bc7 27. Bd4 Kf8 28. Kd3 Ke8 29. Ke4 Bd8 30. g3 Kf8 31. f4 Be7 32. b3 Ke8 33. g4 g6 34. Be3 gxh5 35. gxh5 Kd7 36. f5 Bf8 37. Bf2 Be7 38. f6 Bf8 39. a4 Kc6 40. axb5+ Kxb5 41. Be1 Kc5 42. c4 Kc6 43. b4 b5 44. Kd3 a6 45. Kc3 bxc4 46. Kxc4 Kb6 47. Bf2+ Kc6 48. Be3 Kb7 49. b5 axb5+ 50. Kxb5 Kc7 51. Bc5 Bxc5 52. Kxc5 Kd7 53. Kb6 Kd8 54. Kc6 Kc8 55. Kd6 Kd8 1/2-1/2

[Event "St Petersburg Summer op"]
[Site "St Petersburg"]
[Date "2016.08.18"]
[Round "2"]
[White "Kiseleva, Arina"]
[Black "Kuizhev, Adam"]
[Result "1-0"]
[WhiteElo "1999"]
[BlackElo "1700"]
[PlyCount "87"]
[EventDate "2016.08.17"]
[EventType "swiss"]
[EventRounds "9"]
[EventCountry "RUS"]
[SourceTitle "CBM 174 Extra"]
[Source "ChessBase"]
[SourceDate "2016.10.10"]
[SourceVersion "1"]
[SourceVersionDate "2016.10.10"]
[SourceQuality "1"]

1. Nf3 Nf6 2. d4 g6 3. c4 d5 4. cxd5 Nxd5 5. e4 Nb6 6. h3 Bg7 7. Nc3 0-0 8. Be2 e6 9. 0-0 Nc6 10. Be3 Bd7 11. Qd2 Nc8 12. Bh6 Nd6 13. Bxg7 Kxg7 14. e5 Nf5 15. Ne4 h5 16. Nf6 Rh8 17. Rfd1 Nce7 18. Ng5 Nd5 19. Nge4 Nxf6 20. Nxf6 h4 21. Bf3 Rb8 22. d5 b6 23. Qc3 Qc8 24. Rac1 exd5 25. Nxd7 Qxd7 26. Bxd5 Qe7 27. e6+ f6 28. Qxc7 Rbc8 29. Qf4 Rhd8 30. Rxc8 Rxc8 31. Bf3 Rc7 32. Qxc7 Qxc7 33. Rd7+ Kf8 34. Rxc7 Ne7 35. Rxa7 g5 36. Rb7 f5 37. Rxb6 Kg7 38. Rb7 Kf6 39. Rxe7 Kxe7 40. a4 Kf6 41. a5 Ke7 42. a6 Kf6 43. a7 Ke7 44. a8Q 1-0